Geografia Republiki Południowej Afryki - Statystyki

Ogólne statystyki
  • Ten quiz został rozwiązany 701 razy
    689 od ostatniego zresetowania
  • Średni wynik to 10 z 20
Statystyki odpowiedzi
Pytanie Odpowiedź % Poprawnych
Jak nazywa się graniczący kraj na literę Z? Zimbabwe
96%
Jak nazywa się największe miasto RPA? Johannesburg
93%
Jakie są trzy stolice tego kraju? Kapsztad
93%
Jakie są trzy stolice tego kraju? Pretoria
91%
Jakie państwo jest całkowicie otoczone przez RPA? Lesotho
84%
Jaki przylądek jest powszechnie, lecz błędnie uważany za najbardziej wysunięty na południe punkt Afryki? Przylądek {Dobrej Nadziei}
75%
Jaki jeden z języków urzędowych jest bardzo blisko spokrewniony z niderlandzkim? afrikaans
62%
Jaka pustynia znajduje się na północnych krańcach tego państwa? Kalahari
62%
Jakie są trzy stolice tego kraju? Bloemfontein
59%
Jakie są dwa najczęściej używane języki w RPA? zulu
50%
Jakie jest największe miasto prowincji KwaZulu-Natal? Durban
42%
Jakie pasmo górskie znajduje się na granicy RPA z powyższym? Góry Smocze
41%
Jaki przylądek jest rzeczywiście najbardziej na południe wysuniętym punktem Afryki? Przylądek {Igielny}
33%
Jaka jest najdłuższa rzeka RPA? Rzeka {Oranje}
32%
Jakie są dwa najczęściej używane języki w RPA? xhosa
26%
Jak nazywa się najbardziej na południe wysunięte miasto na kontynencie afrykańskim? Gqeberha
23%
Który rezerwat przyrody stał się pierwszym parkiem narodowym w RPA w 1926 roku? Park Narodowy {Krugera}
20%
Na jakiej wyspie Nelson Mandela był więziony przez 18 lat? Robbeneiland
13%
Jaka grupa wysp jest położona ok. 1 770 km na południowy-wschód od kontynentalnej Afryki? Wyspy Księcia Edwarda
9%
Jak nazywa się osiedle, takie jak Soweto, które powstało na obrzeżach miast i było przeznaczone dla mieszkańców o innym kolorze skóry niż biały? Township
8%
Nie znaleziono quizów pasujących do podanych kryteriów
Rozkład punktacji
Procent ludzi z każdym wynikiem
Percentyl według liczby udzielonych odpowiedzi
Twoja historia wyników
Nie rozwiązałeś tego quizu od ostatniego zresetowania